Management accounting : (Record no. 2719)
[ view plain ]
| 000 -LEADER | |
|---|---|
| fixed length control field | 00737cam a22002294a 4500 |
| 001 - CONTROL NUMBER | |
| control field | 3575644 |
| 005 - DATE AND TIME OF LATEST TRANSACTION | |
| control field | 20250120124844.0 |
| 008 - FIXED-LENGTH DATA ELEMENTS--GENERAL INFORMATION | |
| fixed length control field | 990304s2000 at a b 001 0 eng |
| 020 ## - INTERNATIONAL STANDARD BOOK NUMBER | |
| International Standard Book Number | 053887189X |
| 020 ## - INTERNATIONAL STANDARD BOOK NUMBER | |
| International Standard Book Number | 9780538871891 |
| 050 00 - LIBRARY OF CONGRESS CALL NUMBER | |
| Classification number | HF5657.4 |
| Item number | .M274 2000 |
| 082 00 - DEWEY DECIMAL CLASSIFICATION NUMBER | |
| Classification number | 658.15/11 |
| Edition information | 21 |
| 100 1# - MAIN ENTRY--PERSONAL NAME | |
| Personal name | Mackey, James T. |
| 245 10 - TITLE STATEMENT | |
| Title | Management accounting : |
| Remainder of title | a road of discovery / |
| Statement of responsibility, etc. | James T. Mackey, Michael F. Thomas. |
| 260 ## - PUBLICATION, DISTRIBUTION, ETC. | |
| Place of publication, distribution, etc. | Australia ; |
| -- | Cincinnati, OH : |
| Name of publisher, distributor, etc. | South-Western College Pub., |
| Date of publication, distribution, etc. | c2000. |
| 300 ## - PHYSICAL DESCRIPTION | |
| Extent | xxv, 561 p. : |
| Other physical details | ill. (some col.) ; |
| Dimensions | 26 cm. |
| 500 ## - GENERAL NOTE | |
| General note | Cover title. |
| 650 #0 - SUBJECT ADDED ENTRY--TOPICAL TERM | |
| Topical term or geographic name entry element | Managerial accounting. |
| 650 #0 - SUBJECT ADDED ENTRY--TOPICAL TERM | |
| Topical term or geographic name entry element | Accounting |
| General subdivision | Decision making. |
| 700 1# - ADDED ENTRY--PERSONAL NAME | |
| Personal name | Thomas, Michael F., |
| Dates associated with a name | 1950- |
| 942 ## - ADDED ENTRY ELEMENTS (KOHA) | |
| Source of classification or shelving scheme | Library of Congress Classification |
| Koha item type | Books |
| Suppress in OPAC | No |
| 999 ## - | |
| -- | 2719 |
| -- | 2719 |
| Withdrawn status | Lost status | Source of classification or shelving scheme | Damaged status | Not for loan | Collection | Home library | Current library | Shelving location | Date acquired | Total checkouts | Full call number | Barcode | Date last seen | Copy number | Price effective from | Koha item type |
|---|---|---|---|---|---|---|---|---|---|---|---|---|---|---|---|---|
| Library of Congress Classification | Non-fiction | Business Library (Miotso) | Business Library (Miotso) | General stacks | 01/20/2025 | HF5657.4 .M274 2000 | BSSM00000501 | 01/20/2025 | 1 | 01/20/2025 | Books |